Histoire du drapeau de l'Islande - Statistiques

Statistiques générales
  • Ce quiz a été pris 99 fois
  • Le résultat moyen est 3 sur 5
Statistiques - réponses
Hint Réponse % Correct
Islande (drapeau actuel depuis 1918)
94%
Danemark-Norvège (1523-1814) et Danemark (1814-1918)
85%
Union de Kalmar (1397-1523)
74%
Royaume de Norvège (1262-1397)
33%
État libre d'Islande (930-1262)
22%
Aucun quiz correspondant
Distribution des résultats
% des personnes avec chaque résultat
Percentile par nombre de réponses
Votre historique - résultats
Vous n’avez pas pris ce quiz